000 00216 a2200109 4500
020 _a9780892391080
041 _aspa
100 _aGarza, Carmen Lomas
245 _aCuadros de Familias
942 _cBK
952 _71
999 _c20488
_d20488